Tax law and jurisprudence (Record no. 59258)

MARC details
000 -LEADER
fixed length control field 00535nam a22001817a 4500
005 - DATE AND TIME OF LATEST TRANSACTION
control field 20221109103513.0
040 ## - CATALOGING SOURCE
Transcribing agency urs
100 ## - MAIN ENTRY--PERSONAL NAME
9 (RLIN) 2916
Personal name Vitug, Jose C.
Relator term author
245 ## - TITLE STATEMENT
Title Tax law and jurisprudence
Statement of responsibility, etc Jose C. Vitug
250 ## - EDITION STATEMENT
Edition statement Third edition
260 ## - PUBLICATION, DISTRIBUTION, ETC. (IMPRINT)
Place of publication, distribution, etc Manila
Name of publisher, distributor, etc Rex Book Store
Date of publication, distribution, etc 2006
336 ## - CONTENT TYPE
Source rdacontent
Content type term text
Content type code txt
337 ## - MEDIA TYPE
Source rdamedia
Media type term unmediated
Media type code n
338 ## - CARRIER TYPE
Source rdacarrier
Carrier type term volume
Carrier type code nc
650 #0 - SUBJECT ADDED ENTRY--TOPICAL TERM
9 (RLIN) 2917
Topical term or geographic name as entry element Taxation
Form subdivision Law and legislation
Geographic subdivision Philippines
700 ## - ADDED ENTRY--PERSONAL NAME
9 (RLIN) 2918
Personal name Acosta, Ernesto D.
Relator term author
942 ## - ADDED ENTRY ELEMENTS (KOHA)
Source of classification or shelving scheme Library of Congress Classification
Koha item type Filipiniana
Holdings
Withdrawn status Lost status Source of classification or shelving scheme Damaged status Not for loan Home library Current library Shelving location Date acquired Total Checkouts Full call number Barcode Date last seen Price effective from Koha item type
    Library of Congress Classification     Binangonan College Library Binangonan College Library Filipiniana Section 11/09/2022   KF 5624.6 V58 2006 URSBIN-3500 11/09/2022 11/09/2022 Filipiniana

University of Rizal System
Email us at univlibservices@urs.edu.ph

Visit our Website www.urs.edu.ph/library